书目信息 |
| 题名: |
汉语等韵学
|
|
| 作者: | 李新魁 著 | |
| 分册: | ||
| 出版信息: | 北京 中华书局 1983 |
|
| 页数: | 411页 | |
| 开本: | 21cm | |
| 丛书名: | ||
| 单 册: | ||
| 中图分类: | H113.9 | |
| 科图分类: | ||
| 主题词: | 等韵学 | |
| 电子资源: | ||
| ISBN: | ||
| 000 | 00586nam0 2200229 45 | |
| 001 | 0183010944 | |
| 005 | 20060105162342.50 | |
| 010 | @dCNY1.50 | |
| 091 | @a9018.134 | |
| 100 | @a19950522d1983 emky0chiy0121 ea | |
| 101 | 0 | @achi |
| 102 | @aCN@b110000 | |
| 105 | @ay z 000yy | |
| 200 | 10 | @a汉语等韵学@Ahan yu deng yun xue@f李新魁著@FLi Xin Kui Zhu |
| 210 | @a北京@c中华书局@d1983 | |
| 215 | @a411页@d21cm | |
| 606 | @a等韵学 | |
| 690 | @aH113.9@v3 | |
| 701 | 0 | @a李新魁@4著 |
| 801 | 2 | @aCN@bNLC@c20060105 |
| 801 | 0 | @aCN@b上海图书馆@c20040301 |
| 905 | @dH113.9@e12@f1@b159830 | |
| 汉语等韵学/李新魁著.-北京:中华书局,1983 |
| 411页;21cm |
| ISBN :CNY1.50 |
| ● |
| 相关链接 |
|
|
|
|
正题名:汉语等韵学
索取号:H113.9/12
 
预约/预借
| 序号 | 登录号 | 条形码 | 馆藏地/架位号 | 状态 | 备注 |
| 1 | 0099500 | 000830685 | 第四借阅区/ [索取号:H113.9/12] | 在馆 | |
| 2 | 0099501 | 000830694 | 第四借阅区/ [索取号:H113.9/12] | 在馆 | |
| 3 | 0099502 | 202078358 | 第二样本阅览室/ [索取号:H113.9/12] | 在馆 | |
| 4 | 0159826 | 202185633 | 密集书库/ [索取号:H113.9/12] | 在馆 | |
| 5 | 0159827 | 001888498 | 密集书库/ [索取号:H113.9/12] | 在馆 | |
| 6 | 0159828 | 001888470 | 密集书库/ [索取号:H113.9/12] | 在馆 | |
| 7 | 0159829 | 001888489 | 密集书库/ [索取号:H113.9/12] | 在馆 | |
| 8 | 0159830 | 001972627 | 第四借阅区/ [索取号:H113.9/12] | 在馆 |